000 01279namaa2200337 i 4500
003 EG-GICUC
005 20260125111213.0
008 260119s1998 ua ||||jr|||| 000 0 ara d
017 _a1997 / 13430
_bدار الكتب والوثائق القومية (مصر)
020 _a9770154989
040 _aEG-GiCUC
_bara
_cEG-GiCUC
_dEG-GiCUC
_erda
082 0 4 _221
_a414.5
_bM233
092 0 4 _221
_a414.5
_bM233
099 _a414.5 M233
100 1 _aعبد المجيد، جميل،
_eمؤلف.
245 1 2 _aالبديع بين البلاغة العربية واللسانيات النصية /
_cجميل عبد المجيد.
264 _aالقاهرة (مصر) :
_bالهيئة المصرية العامة للكتاب،
_c1998
300 _a205 صفحة ؛
_c24 سم
336 _2rdacontent
_atext
337 _2rdamedia
_aUnmediated
338 _2rdacarrier
_avolume
490 0 _aدراسات أدبية
504 _aيشتمل على ارجاعات ببليوجرافية.
541 _aد. جابر عصفور ؛
_bالقاهرة ؛
_cإهداء ؛
_d2024.
650 1 7 _aالبلاغة العربية
_xالبديع
_2qrmak
650 1 7 _aالبلاغة العربية
_2qrmak
651 1 _2qrmak
905 _aAmira
905 _aAya
942 _2ddc
_cBK
_e21
_n0
999 _c177838
_d177838